000 00805nam a2200265Ia 4500
003 OSt
005 20220930073302.0
006 a|||||r|||| 00| 0
007 ta
008 220926b |||||||| |||| 00| 0 eng d
024 _a30756
037 _cTheses
040 _aCRL
_cCRL
_beng
041 _2eng
_aeng
100 _aPande Vasudha
_9531316
110 _aUniversity of Delhi. Faculty of Social Sciences. Department of History
245 0 _aMaking of Modern Kumaun circa 1815-1930
260 _c1999
300 _a415p.
_ap.
_ccm.
650 _aHISTORY
700 _a Dr Gyanendra Pandey Supervisor
_9531317
700 _aUniversity of Delhi. Faculty of Social Sciences. Department of History
942 _cDIS
_2CC
999 _c864854
_d864854